2025–2026 NBA Head Coaches - Statistics

General Stats
  • This quiz has been taken 31,227 times
    2,921 since last reset
  • The average score is 16 of 30
Answer Stats
Since Team Coach % Correct
2014 Warriors Steve Kerr
97%
2008 Heat Erik Spoelstra
89%
2024 Bucks Doc Rivers
80%
2021 Mavericks Jason Kidd
79%
2023 Celtics Joe Mazzulla
76%
2024 Lakers J. J. Redick
75%
2020 Clippers Tyronn Lue
75%
2025 Knicks Mike Brown
68%
2021 Trail Blazers Chauncey Billups
66%
2023 Rockets Ime Udoka
66%
2020 Thunder Mark Daigneault
66%
2023 76ers Nick Nurse
66%
2021 Pacers Rick Carlisle
66%
2020 Bulls Billy Donovan
62%
2021 Timberwolves Chris Finch
54%
2024 Pistons J. B. Bickerstaff
54%
2023 Hawks Quin Snyder
50%
2024 Cavaliers Kenny Atkinson
46%
2025 Spurs Mitch Johnson
44%
2021 Magic Jamahl Mosley
37%
2021 Pelicans Willie Green
37%
2025 Nuggets David Adelman
33%
2022 Jazz Will Hardy
32%
2023 Raptors Darko Rajaković
31%
2024 Nets Jordi Fernández
31%
2024 Hornets Charles Lee
26%
2024 Kings Doug Christie
25%
2025 Grizzlies Tuomas Iisalo
19%
2025 Suns Jordan Ott
18%
2024 Wizards Brian Keefe
16%
No matching quizzes found
Score Distribution
Percent of People with Each Score
Percentile by Number Answered
Your Score History
You have not taken this quiz since the last reset